[Event "Titled Tuesday intern op 22nd Nov Early"]
[Site "Chess.com INT"]
[Date "2022.11.22"]
[Round "3"]
[White "Odinaev, Timur"]
[Black "Fernandez Siles, Luis"]
[Result "1-0"]
[WhiteElo "2302"]
[BlackElo "2220"]
[PlyCount "59"]
[EventDate "2022.11.22"]
[EventType "swiss (blitz)"]
[EventRounds "11"]
[EventCountry "USA"]
[SourceTitle "CBM 211 Extra"]
[Source "ChessBase"]
[SourceDate "2023.01.31"]
[SourceVersion "1"]
[SourceVersionDate "2023.01.31"]
[SourceQuality "1"]

1. e4 c5 2. Nf3 Nc6 3. d4 cxd4 4. Nxd4 Nf6 5. Nc3 e5 6. Ndb5 d6 7. Bg5 a6 8. Na3 b5 9. Nd5 Be7 10. Bxf6 Bxf6 11. c3 0-0 12. Nc2 Rb8 13. a4 bxa4 14. Ncb4 Nxb4 15. cxb4 Bb7 16. Rxa4 Bg5 17. Bc4 Bc6 18. Rxa6 Bxd5 19. Qxd5 Rxb4 20. 0-0 Kh8 21. Rxd6 Qe7 22. b3 f5 23. Re6 Qa7 24. exf5 Bf6 25. g3 h6 26. h4 Rbb8 27. Rd1 Rbd8 28. Rd6 Rxd6 29. Qxd6 Qa5 30. Qxf8+ 1-0

[Event "Titled Tuesday intern op 22nd Nov Early"]
[Site "Chess.com INT"]
[Date "2022.11.22"]
[Round "10"]
[White "Odinaev, Timur"]
[Black "Goncalves, Davi Sulzbacher"]
[Result "0-1"]
[WhiteElo "2302"]
[BlackElo "2282"]
[PlyCount "52"]
[EventDate "2022.11.22"]
[EventType "swiss (blitz)"]
[EventRounds "11"]
[EventCountry "USA"]
[SourceTitle "CBM 211 Extra"]
[Source "ChessBase"]
[SourceDate "2023.01.31"]
[SourceVersion "1"]
[SourceVersionDate "2023.01.31"]
[SourceQuality "1"]

1. e4 c6 2. d4 d5 3. Nc3 dxe4 4. Bc4 Nf6 5. f3 b5 6. Bb3 e6 7. fxe4 b4 8. Nce2 Nxe4 9. Nf3 Bd6 10. 0-0 0-0 11. Qd3 f5 12. Nf4 Bxf4 13. Bxf4 Ba6 14. Bxe6+ Kh8 15. Qe3 Qe7 16. d5 Bxf1 17. Rxf1 Nd7 18. Ng5 cxd5 19. Bxd5 Rae8 20. Qh3 Nxg5 21. Bxg5 Qxg5 22. Qd3 Qe3+ 23. Qxe3 Rxe3 24. Bc6 Ne5 25. Bd5 Re2 26. Bb3 f4 0-1

[Event "Titled Tuesday intern op 22nd Nov Early"]
[Site "Chess.com INT"]
[Date "2022.11.22"]
[Round "7"]
[White "Odinaev, Timur"]
[Black "Miszler, Levente"]
[Result "0-1"]
[WhiteElo "2302"]
[BlackElo "2276"]
[PlyCount "78"]
[EventDate "2022.11.22"]
[EventType "swiss (blitz)"]
[EventRounds "11"]
[EventCountry "USA"]
[SourceTitle "CBM 211 Extra"]
[Source "ChessBase"]
[SourceDate "2023.01.31"]
[SourceVersion "1"]
[SourceVersionDate "2023.01.31"]
[SourceQuality "1"]

1. e4 e6 2. d4 d5 3. e5 c5 4. Nf3 Nc6 5. Bd3 cxd4 6. 0-0 f6 7. Bf4 fxe5 8. Nxe5 Nxe5 9. Bxe5 Nf6 10. Nd2 Bd6 11. f4 0-0 12. Qe2 Qc7 13. Nf3 Bd7 14. Rae1 Rae8 15. Ng5 h6 16. Nf3 Ne4 17. Bxe4 dxe4 18. Qxe4 Bxe5 19. Nxe5 Bb5 20. Rf3 Rf6 21. Ng4 Rf5 22. Rg3 Qxf4 23. Qxf4 Rxf4 24. Nxh6+ Kh7 25. Ng4 Ref8 26. h3 Rf1+ 27. Rxf1 Rxf1+ 28. Kh2 Rc1 29. Rb3 Bc6 30. Ne5 Rxc2 31. Nxc6 bxc6 32. Kg3 e5 33. Kf3 c5 34. Rb7 c4 35. g4 d3 36. Ke3 Re2+ 37. Kf3 Rxb2 38. Rxb2 c3 39. Rb3 c2 0-1

[Event "Titled Tuesday intern op 22nd Nov Early"]
[Site "Chess.com INT"]
[Date "2022.11.22"]
[Round "4"]
[White "Oparin, Grigoriy"]
[Black "Odinaev, Timur"]
[Result "1-0"]
[WhiteElo "2683"]
[BlackElo "2302"]
[PlyCount "39"]
[EventDate "2022.11.22"]
[EventType "swiss (blitz)"]
[EventRounds "11"]
[EventCountry "USA"]
[SourceTitle "CBM 211 Extra"]
[Source "ChessBase"]
[SourceDate "2023.01.31"]
[SourceVersion "1"]
[SourceVersionDate "2023.01.31"]
[SourceQuality "1"]

1. g3 Nf6 2. Bg2 g6 3. c4 Bg7 4. Nc3 0-0 5. Nf3 d6 6. 0-0 e5 7. d4 Nbd7 8. e4 c6 9. Qc2 Qb6 10. Rd1 Re8 11. h3 exd4 12. Nxd4 Nc5 13. Be3 a5 14. Nb3 Qb4 15. Nxc5 dxc5 16. Na4 Be6 17. b3 Bxc4 18. bxc4 Nxe4 19. Rab1 Qa3 20. Bxe4 1-0

[Event "Titled Tuesday intern op 02nd Nov"]
[Site "Chess.com INT"]
[Date "2021.11.02"]
[Round "2"]
[White "Harsha, Bharathakoti"]
[Black "Odinaev, Timur"]
[Result "1-0"]
[WhiteElo "2517"]
[BlackElo "2302"]
[PlyCount "121"]
[EventDate "2021.11.02"]
[EventType "swiss (blitz)"]
[EventRounds "11"]
[EventCountry "USA"]
[SourceTitle "CBM 205 Extra"]
[Source "ChessBase"]
[SourceDate "2022.01.31"]
[SourceVersion "1"]
[SourceVersionDate "2022.01.31"]
[SourceQuality "1"]

1. f4 d5 2. Nf3 Nf6 3. g3 Bg4 4. Bg2 Bxf3 5. Bxf3 Nbd7 6. d4 c6 7. e3 e6 8. 0-0 Bd6 9. Nd2 Qe7 10. g4 h5 11. g5 Ng4 12. Bxg4 hxg4 13. Qxg4 0-0-0 14. Nf3 Kb8 15. Bd2 f5 16. Qg2 Rh5 17. h4 Rdh8 18. Be1 Nf8 19. Bg3 Ng6 20. Rac1 Qc7 21. c4 Qa5 22. a3 Qa4 23. Qc2 Qxc2 24. Rxc2 dxc4 25. Rxc4 Ne7 26. Rd1 Nd5 27. Rd3 Ne7 28. Rc2 Nd5 29. Kg2 Bc7 30. Rc1 Bd6 31. Nd2 Bc7 32. Rb3 a5 33. Bf2 a4 34. Rd3 Ba5 35. Nf3 Bc7 36. Rdd1 Ne7 37. Kf1 Bd6 38. Ke2 Nd5 39. Rg1 Kc7 40. Be1 Kd7 41. Kd3 b5 42. Bd2 Rb8 43. Rge1 b4 44. axb4 Nxb4+ 45. Bxb4 Rxb4 46. Re2 Rh8 47. Rc4 Rb3+ 48. Rc3 Rb4 49. Rec2 Rc8 50. Nd2 g6 51. Nc4 Bb8 52. Rh2 Rh8 53. Ra3 Bc7 54. Rh1 Rhb8 55. h5 Rb3+ 56. Rxb3 Rxb3+ 57. Kc2 gxh5 58. Rxh5 Rb4 59. Rh7+ Kd8 60. g6 Rxc4+ 61. Kd3 1-0

[Event "Titled Tuesday intern op 02nd Nov"]
[Site "Chess.com INT"]
[Date "2021.11.02"]
[Round "5"]
[White "Odinaev, Timur"]
[Black "Sanchez, Roberto Daniel"]
[Result "1-0"]
[WhiteElo "2302"]
[BlackElo "1970"]
[PlyCount "111"]
[EventDate "2021.11.02"]
[EventType "swiss (blitz)"]
[EventRounds "11"]
[EventCountry "USA"]
[SourceTitle "CBM 205 Extra"]
[Source "ChessBase"]
[SourceDate "2022.01.31"]
[SourceVersion "1"]
[SourceVersionDate "2022.01.31"]
[SourceQuality "1"]

1. e4 e6 2. d4 d5 3. Nc3 Nf6 4. e5 Ne4 5. Bd3 Bb4 6. Nge2 Qh4 7. 0-0 Nxc3 8. bxc3 Bf8 9. Nf4 c5 10. g3 Qd8 11. dxc5 Nd7 12. Bb5 Bxc5 13. c4 dxc4 14. Qh5 g6 15. Qh6 Bf8 16. Qh3 a6 17. Bxc4 Nxe5 18. Bb2 Bg7 19. Bxe5 Bxe5 20. Rad1 Qe7 21. Qh6 b5 22. Bd5 Bxf4 23. Qg7 Be5 24. Qxe5 f6 25. Bc6+ Kf7 26. Qf4 Ra7 27. Qh6 Rc7 28. Be4 f5 29. Bd3 Bb7 30. Rfe1 Qf6 31. Re3 g5 32. Qh5+ Kg7 33. Rde1 Re7 34. h4 h6 35. Qe2 Rhe8 36. h5 e5 37. c4 b4 38. c5 Bc6 39. Bc4 f4 40. Re4 Bxe4 41. Qxe4 a5 42. Bd3 Rh8 43. g4 Kf8 44. c6 Rc7 45. Bc4 Rhh7 46. Qd5 Qxc6 47. Qg8+ Ke7 48. Qxh7+ Kd6 49. Qd3+ Kc5 50. Rxe5+ Kb6 51. Rb5+ Ka7 52. Rxa5+ Kb8 53. Bd5 Qc1+ 54. Kg2 f3+ 55. Bxf3 Qc5 56. Rxc5 1-0

[Event "Titled Tuesday intern op 02nd Nov"]
[Site "Chess.com INT"]
[Date "2021.11.02"]
[Round "1"]
[White "Todev, Simeon"]
[Black "Odinaev, Timur"]
[Result "0-1"]
[WhiteElo "1931"]
[BlackElo "2302"]
[PlyCount "151"]
[EventDate "2021.11.02"]
[EventType "swiss (blitz)"]
[EventRounds "11"]
[EventCountry "USA"]
[SourceTitle "CBM 205 Extra"]
[Source "ChessBase"]
[SourceDate "2022.01.31"]
[SourceVersion "1"]
[SourceVersionDate "2022.01.31"]
[SourceQuality "1"]

1. e4 e5 2. Nf3 Nc6 3. d4 exd4 4. Bc4 Nf6 5. 0-0 Nxe4 6. Re1 d5 7. Bxd5 Qxd5 8. Nc3 Qd7 9. Nxe4 Be7 10. Bg5 0-0 11. Bxe7 Qxe7 12. Nxd4 Bd7 13. c3 Rad8 14. Qf3 Nxd4 15. cxd4 Bc6 16. Qf4 Rxd4 17. f3 Bxe4 18. fxe4 Re8 19. Rac1 c6 20. Qf2 Rxe4 21. Rxe4 Qxe4 22. Qxa7 h5 23. h3 h4 24. Rf1 Qe3+ 25. Qxe3 Rxe3 26. Rd1 Re2 27. b3 Rxa2 28. Rd8+ Kh7 29. Rd7 b5 30. Rxf7 c5 31. Rf5 Rc2 32. Rh5+ Kg6 33. Rxh4 Rb2 34. Rg4+ Kf5 35. Rxg7 Rxb3 36. h4 c4 37. h5 c3 38. Rc7 b4 39. h6 Ra3 40. h7 Ra8 41. Kf2 Rb8 42. Rb7 Rc8 43. Rxb4 c2 44. Rb5+ Kg6 45. Rc5 Rxc5 46. h8Q c1Q 47. Qg8+ Kf5 48. Qf7+ Ke4 49. Qe6+ Kd3 50. Qg6+ Kc3 51. Qf6+ Kb3 52. Qb6+ Kc4 53. Qa6+ Kd5 54. Qb7+ Rc6 55. Qb3+ Qc4 56. Qf3+ Qe4 57. Qh5+ Qe5 58. Qf7+ Re6 59. Qd7+ Qd6 60. Qb5+ Ke4 61. Qe2+ Kf5 62. Qh5+ Kf6 63. Qh8+ Ke7 64. Qg7+ Kd8 65. Qg8+ Kd7 66. Qh7+ Qe7 67. Qd3+ Rd6 68. Qb5+ Kd8 69. Qa5+ Qc7 70. Qg5+ Kc8 71. Qf5+ Rd7 72. Qf8+ Kb7 73. Qb4+ Qb6+ 74. Qxb6+ Kxb6 75. Kf3 Kc6 76. Kf4 0-1

[Event "Titled Tuesday intern op 12th Oct"]
[Site "Chess.com INT"]
[Date "2021.10.12"]
[Round "4"]
[White "Macovei, Andrei"]
[Black "Odinaev, Timur"]
[Result "1-0"]
[WhiteElo "2453"]
[BlackElo "2302"]
[PlyCount "65"]
[EventDate "2021.10.12"]
[EventType "swiss (blitz)"]
[EventRounds "11"]
[EventCountry "USA"]
[SourceTitle "EXT 2023"]
[Source "ChessBase"]
[SourceDate "2022.10.05"]
[SourceVersion "1"]
[SourceVersionDate "2022.10.05"]
[SourceQuality "1"]

1. e4 g6 2. d4 Bg7 3. c3 d6 4. Nf3 Nf6 5. Bd3 0-0 6. 0-0 Nbd7 7. Re1 e5 8. h3 Nh5 9. Bg5 Bf6 10. Be3 b6 11. Nbd2 Bb7 12. a4 a6 13. Qc2 Re8 14. Nf1 Bg7 15. Rad1 Nf4 16. Bxf4 exf4 17. b4 Nf6 18. N1d2 Nh5 19. e5 dxe5 20. dxe5 Qe7 21. Be4 Bxe4 22. Nxe4 Rad8 23. Rxd8 Rxd8 24. Qe2 a5 25. Qc4 axb4 26. cxb4 Bf8 27. Rb1 Ng7 28. a5 bxa5 29. bxa5 Ra8 30. a6 Qa3 31. Nf6+ Kh8 32. Qxf7 Bc5 33. Ng5 1-0

[Event "Titled Tuesday intern op 12th Oct"]
[Site "Chess.com INT"]
[Date "2021.10.12"]
[Round "3"]
[White "Odinaev, Timur"]
[Black "Araujo Filho, Luiz Antonio"]
[Result "1-0"]
[WhiteElo "2302"]
[BlackElo "2089"]
[PlyCount "37"]
[EventDate "2021.10.12"]
[EventType "swiss (blitz)"]
[EventRounds "11"]
[EventCountry "USA"]
[SourceTitle "EXT 2023"]
[Source "ChessBase"]
[SourceDate "2022.10.05"]
[SourceVersion "1"]
[SourceVersionDate "2022.10.05"]
[SourceQuality "1"]

1. e4 c6 2. d4 d5 3. Nc3 dxe4 4. Bc4 Nf6 5. f3 exf3 6. Nxf3 e6 7. 0-0 Be7 8. Bg5 0-0 9. Qe2 b6 10. Kh1 Qc7 11. Ne5 a5 12. Bxf6 Bxf6 13. Bd3 Ba6 14. Bxh7+ Kxh7 15. Qh5+ Kg8 16. Rxf6 gxf6 17. Ne4 Qd8 18. Re1 fxe5 19. Re3 1-0

[Event "Titled Tuesday intern op 20th July"]
[Site "Chess.com INT"]
[Date "2021.07.20"]
[Round "1"]
[White "Odinaev, Timur"]
[Black "Komiagina, Maria"]
[Result "0-1"]
[WhiteElo "2302"]
[BlackElo "2241"]
[PlyCount "122"]
[EventDate "2021.07.20"]
[EventType "swiss (blitz)"]
[EventRounds "11"]
[EventCountry "USA"]
[SourceTitle "CBM 203 Extra"]
[Source "ChessBase"]
[SourceDate "2021.09.30"]
[SourceVersion "1"]
[SourceVersionDate "2021.09.30"]
[SourceQuality "1"]

1. e4 c5 2. Nf3 Nc6 3. d4 cxd4 4. Nxd4 Nf6 5. Nc3 d6 6. f3 e5 7. Nb3 Be7 8. Be3 h5 9. Qd2 Be6 10. 0-0-0 a6 11. Nd5 Bxd5 12. exd5 Nb8 13. Kb1 Nbd7 14. c4 Qc7 15. Rc1 b6 16. Bd3 a5 17. Qf2 a4 18. Nd2 Nc5 19. Bxc5 bxc5 20. Ka1 Nd7 21. Ne4 f5 22. Nc3 0-0 23. Nb5 Qb6 24. Qc2 g6 25. g4 hxg4 26. fxg4 e4 27. Be2 a3 28. b3 Bf6+ 29. Kb1 Bg7 30. gxf5 gxf5 31. Rcg1 Ne5 32. Rg2 Rf7 33. Rhg1 Qd8 34. Bh5 Rb7 35. Rg6 Nxg6 36. Rxg6 Qh4 37. Qe2 Rd8 38. Kc2 Qf4 39. Qg2 Qe5 40. Kd1 f4 41. Rg5 Qa1+ 42. Kd2 Qxa2+ 43. Kd1 Qb1+ 44. Kd2 e3+ 45. Ke2 Qc2+ 46. Kf3 Qxg2+ 47. Rxg2 Ra8 48. Ra2 Bb2 49. Nxd6 Rh7 50. Bg6 Rxh2 51. b4 e2 52. Bf7+ Kg7 53. Ra1 Bxa1 54. Nf5+ Kxf7 55. Nd6+ Ke7 56. Nf5+ Kd7 57. Nd4 e1Q 58. bxc5 Qe3+ 59. Kg4 Qg3+ 60. Kf5 Rf8+ 61. Ke5 Qe3# 0-1

[Event "Titled Tuesday intern op 08th June"]
[Site "Chess.com INT"]
[Date "2021.06.08"]
[Round "4"]
[White "Odinaev, Timur"]
[Black "Porter, Ryan W"]
[Result "0-1"]
[WhiteElo "2302"]
[BlackElo "2241"]
[PlyCount "162"]
[EventDate "2021.06.08"]
[EventType "swiss (blitz)"]
[EventRounds "11"]
[EventCountry "USA"]
[SourceTitle "CBM 202 Extra"]
[Source "ChessBase"]
[SourceDate "2021.07.31"]
[SourceVersion "1"]
[SourceVersionDate "2021.07.31"]
[SourceQuality "1"]

1. e4 d6 2. d4 Nf6 3. Nc3 g6 4. Be3 a6 5. Qd2 b5 6. a3 Bb7 7. Bd3 Nbd7 8. Nf3 Bg7 9. e5 Nd5 10. e6 fxe6 11. Ng5 Nf8 12. h4 h6 13. Bxg6+ Nxg6 14. Nxe6 Qd7 15. Nxg7+ Kf7 16. Nh5 Qg4 17. Ng3 Nxh4 18. Rxh4 Qxh4 19. 0-0-0 Nxe3 20. Qxe3 e6 21. d5 e5 22. Kb1 Qf4 23. Qe2 Rag8 24. Nce4 Bc8 25. c4 Bg4 26. f3 Bf5 27. Nxf5 Qxf5 28. cxb5 axb5 29. Rc1 Qd7 30. Ka1 b4 31. axb4 Ra8+ 32. Kb1 Rhb8 33. Qc4 Ra7 34. Nc3 Qf5+ 35. Ne4 Rab7 36. b5 Kg6 37. Rc2 Qf7 38. Qd3 Kg7 39. Nc3 Qg6 40. Qxg6+ Kxg6 41. Kc1 Kf5 42. Kd2 Kf4 43. Ke2 h5 44. Kf2 h4 45. Re2 Kg5 46. Re4 Ra8 47. Rg4+ Kh5 48. Rb4 Ra1 49. Ne4 Rc1 50. Nf6+ Kg6 51. Ne4 Rc2+ 52. Kg1 Kf5 53. Nf2 Rc5 54. Ng4 Rcxb5 55. Ne3+ Kf6 56. Rxh4 Rxb2 57. Rh6+ Kg5 58. Rh7 Re2 59. Ng4 Rbb2 60. Rg7+ Kf4 61. Nf6 Re1+ 62. Kh2 Rbb1 63. Rg4+ Ke3 64. Re4+ Kf2 65. Ng4+ Kf1 66. Ne3+ Kf2 67. Ng4+ Kf1 68. Ne3+ Rxe3 69. Rxe3 Rd1 70. g4 Rxd5 71. g5 e4 72. f4 Rd2+ 73. Kg3 d5 74. g6 Rg2+ 75. Kh3 Rxg6 76. Rg3 Rxg3+ 77. Kxg3 e3 78. f5 e2 79. f6 e1Q+ 80. Kg4 Qe8 81. Kf5 Qf8 0-1

[Event "Titled Tuesday intern op 25th May"]
[Site "Chess.com INT"]
[Date "2021.05.25"]
[Round "2"]
[White "Odinaev, Timur"]
[Black "Remizov, Yaroslav"]
[Result "1-0"]
[WhiteElo "2302"]
[BlackElo "2428"]
[PlyCount "81"]
[EventDate "2021.05.25"]
[EventType "swiss (blitz)"]
[EventRounds "11"]
[EventCountry "USA"]
[SourceTitle "CBM 203 Extra"]
[Source "ChessBase"]
[SourceDate "2021.09.30"]
[SourceVersion "1"]
[SourceVersionDate "2021.09.30"]
[SourceQuality "1"]

1. e4 c5 2. Nf3 e6 3. d4 cxd4 4. Nxd4 Nf6 5. Nc3 Nc6 6. Nxc6 bxc6 7. e5 Nd5 8. Nxd5 cxd5 9. Bd3 d6 10. f4 dxe5 11. fxe5 Bc5 12. Qg4 g6 13. h4 h5 14. Qf3 Rb8 15. a3 Qa5+ 16. b4 Bxb4+ 17. axb4 Qxa1 18. 0-0 Qd4+ 19. Be3 Qxh4 20. Qxf7+ Kd8 21. Qxa7 Rb7 22. Bb6+ Ke7 23. Bc5+ Kd8 24. Qa5+ Rc7 25. Rf7 Qe1+ 26. Bf1 Qxe5 27. Rxc7 Qxc7 28. Bb6 Qxb6+ 29. Qxb6+ Ke7 30. Qc7+ Bd7 31. Bb5 Rd8 32. Bxd7 Rxd7 33. Qc5+ Kd8 34. b5 Rc7 35. Qd6+ Kc8 36. Qxe6+ Kb7 37. Qxd5+ Kb6 38. c4 Rc8 39. Qd6+ Ka5 40. Qa6+ Kb4 41. Qxc8 1-0

[Event "Kemerovo op"]
[Site "Kemerovo"]
[Date "2009.07.23"]
[Round "5"]
[White "Odinaev, Timur"]
[Black "Storozhev, Nikolai"]
[Result "0-1"]
[WhiteElo "2276"]
[BlackElo "2024"]
[PlyCount "108"]
[EventDate "2009.07.20"]
[EventType "swiss"]
[EventRounds "9"]
[EventCountry "RUS"]
[SourceTitle "EXT 2022"]
[Source "ChessBase"]
[SourceDate "2021.10.06"]
[SourceVersion "1"]
[SourceVersionDate "2021.10.06"]
[SourceQuality "1"]

1. e4 c5 2. Nf3 Nc6 3. Bb5 g6 4. Bxc6 bxc6 5. d3 Bg7 6. Nc3 d6 7. h3 Rb8 8. 0-0 Nh6 9. Rb1 0-0 10. Be3 f5 11. Qd2 Nf7 12. Nh2 e6 13. f4 Qa5 14. Nf3 Rxb2 15. Rxb2 Bxc3 16. Qc1 Bxb2 17. Qxb2 fxe4 18. Nd2 exd3 19. cxd3 Qb5 20. Qc2 Ba6 21. Nc4 Rb8 22. Rd1 Qb4 23. Bd2 Qb7 24. Bc3 Qe7 25. Ne3 d5 26. Be5 Nxe5 27. fxe5 c4 28. dxc4 Qc5 29. Qd2 Bxc4 30. Kh1 Bxa2 31. Ng4 Rb1 32. Rxb1 Bxb1 33. Qh6 Qe7 34. Qc1 Be4 35. Nf6+ Kg7 36. Qxc6 Bf5 37. Qc8 a5 38. Qg8+ Kh6 39. g4 Be4+ 40. Kh2 Qa3 41. Qxh7+ Kg5 42. h4+ Kf4 43. Qh6+ Kxe5 44. Nd7+ Kd4 45. Qd2+ Qd3 46. Qf2+ Qe3 47. Qb2+ Qc3 48. Qf2+ Kc4 49. Nb6+ Kb5 50. Na8 Qc2 51. Qxc2 Bxc2 52. Nc7+ Kc4 53. h5 gxh5 54. gxh5 a4 0-1

[Event "Kemerovo op"]
[Site "Kemerovo"]
[Date "2009.07.21"]
[Round "3"]
[White "Odinaev, Timur"]
[Black "Denisov, Lev"]
[Result "1/2-1/2"]
[WhiteElo "2276"]
[BlackElo "2329"]
[PlyCount "38"]
[EventDate "2009.07.20"]
[EventType "swiss"]
[EventRounds "9"]
[EventCountry "RUS"]
[SourceTitle "EXT 2022"]
[Source "ChessBase"]
[SourceDate "2021.10.06"]
[SourceVersion "1"]
[SourceVersionDate "2021.10.06"]
[SourceQuality "1"]

1. d4 Nf6 2. Nc3 d5 3. Bg5 e6 4. e4 dxe4 5. Nxe4 Nbd7 6. Nf3 Be7 7. Bxf6 Nxf6 8. Bd3 Nxe4 9. Bxe4 c5 10. dxc5 Bxc5 11. Qxd8+ Kxd8 12. Ne5 Ke7 13. Rd1 Rb8 14. c3 f6 15. Nc4 b6 16. b4 Ba6 17. Bd3 Bxc4 18. Bxc4 Bd6 19. Rd3 a5 1/2-1/2

[Event "Kuzbass-ch op"]
[Site "Kemerovo"]
[Date "2008.11.16"]
[Round "4"]
[White "Odinaev, Timur"]
[Black "Dolgalev, Sergei"]
[Result "0-1"]
[WhiteElo "2279"]
[BlackElo "2221"]
[PlyCount "106"]
[EventDate "2008.11.14"]
[EventType "swiss"]
[EventRounds "9"]
[EventCountry "RUS"]
[SourceTitle "EXT 2022"]
[Source "ChessBase"]
[SourceDate "2021.10.06"]
[SourceVersion "1"]
[SourceVersionDate "2021.10.06"]
[SourceQuality "1"]

1. e4 c5 2. Nf3 Nc6 3. Bb5 g6 4. c3 Nf6 5. d4 cxd4 6. e5 Nd5 7. 0-0 Nc7 8. Bc4 d5 9. exd6 Qxd6 10. Qb3 e6 11. Nbd2 Bg7 12. Ne4 Qe7 13. Bg5 f6 14. Bf4 e5 15. cxd4 b5 16. dxe5 bxc4 17. Qxc4 Nxe5 18. Nxe5 fxe5 19. Bg5 Be6 20. Qc6+ Qd7 21. Qc5 Kf7 22. Rad1 Bd5 23. f4 Rhf8 24. fxe5+ Kg8 25. Bf6 Qc6 26. Rxd5 Qxd5 27. Qxc7 Rf7 28. Qc2 Qd4+ 29. Rf2 Raf8 30. h3 Qd5 31. b3 Bh6 32. Kh1 Rd7 33. Qc4 Qxc4 34. bxc4 Rd1+ 35. Kh2 Re1 36. Nd6 Rxe5 37. Bxe5 Rxf2 38. c5 Rc2 39. Nb7 Bf8 40. Bd4 Rxa2 41. Kg3 Rc2 42. Kf3 a5 43. Ke4 a4 44. Kd3 Rc1 45. Bb2 Rxc5 46. Nxc5 Bxc5 47. Kc4 Be7 48. Kb5 a3 49. Bc3 Kf7 50. Ka4 Bf6 51. Bxf6 Kxf6 52. Kxa3 Ke5 53. Kb4 Kf4 0-1

[Event "Kuzbass-ch op"]
[Site "Kemerovo"]
[Date "2008.11.14"]
[Round "1"]
[White "Emeljashin, Yury"]
[Black "Odinaev, Timur"]
[Result "0-1"]
[WhiteElo "2074"]
[BlackElo "2279"]
[PlyCount "56"]
[EventDate "2008.11.14"]
[EventType "swiss"]
[EventRounds "9"]
[EventCountry "RUS"]
[SourceTitle "EXT 2022"]
[Source "ChessBase"]
[SourceDate "2021.10.06"]
[SourceVersion "1"]
[SourceVersionDate "2021.10.06"]
[SourceQuality "1"]

1. e4 e5 2. Nc3 Nf6 3. g3 Nc6 4. Bg2 Bc5 5. Nge2 a6 6. 0-0 h5 7. Nd5 h4 8. c3 hxg3 9. hxg3 d6 10. d4 Ba7 11. Bg5 Bg4 12. f3 Be6 13. f4 exd4 14. cxd4 Bxd5 15. exd5 Ne7 16. Bxf6 gxf6 17. Re1 Qd7 18. b4 0-0-0 19. a4 Nf5 20. Qd3 Rde8 21. Be4 Rxe4 22. Qxe4 Re8 23. Qd3 Re3 24. Qd2 Qe8 25. Kh2 Qh8+ 26. Kg2 Qh5 27. Ng1 Rxg3+ 28. Kf1 Bxd4 0-1

[Event "Sibiria Region-ch"]
[Site "Novokuznetsk"]
[Date "2008.03.15"]
[Round "3"]
[White "Odinaev, Timur"]
[Black "Chernov, M."]
[Result "1-0"]
[WhiteElo "2267"]
[BlackElo "2235"]
[PlyCount "39"]
[EventDate "2008.03.13"]
[EventType "swiss"]
[EventRounds "9"]
[EventCountry "RUS"]
[SourceTitle "CBM 123 Extra"]
[Source "ChessBase"]
[SourceDate "2008.05.06"]
[SourceVersion "1"]
[SourceVersionDate "2008.05.06"]
[SourceQuality "1"]

1. e4 c5 2. Nf3 d6 3. d4 cxd4 4. Nxd4 Nf6 5. Nc3 a6 6. f4 e5 7. Nf3 Nc6 8. Bd3 Be7 9. 0-0 0-0 10. Qe1 Re8 11. Kh1 Qc7 12. Nd5 Nxd5 13. exd5 Nd4 14. fxe5 Nxf3 15. Qe4 g6 16. Qxf3 Bf8 17. exd6 Bxd6 18. Bh6 Bxh2 19. Rae1 Rxe1 20. Rxe1 1-0

[Event "Kuzbass-ch"]
[Site "Kemerovo"]
[Date "2007.12.21"]
[Round "8"]
[White "Odinaev, Timur"]
[Black "Dolgalev, Sergei"]
[Result "1-0"]
[WhiteElo "2267"]
[BlackElo "2268"]
[PlyCount "89"]
[EventDate "2007.12.16"]
[EventType "swiss"]
[EventRounds "9"]
[EventCountry "RUS"]
[SourceTitle "CBM 122 Extra"]
[Source "ChessBase"]
[SourceDate "2008.03.04"]
[SourceVersion "1"]
[SourceVersionDate "2008.03.04"]
[SourceQuality "1"]

1. e4 c5 2. Nc3 Nc6 3. f4 g6 4. Nf3 Bg7 5. Bc4 e6 6. d3 Nge7 7. f5 d5 8. Bb3 b5 9. Bg5 Bxc3+ 10. bxc3 c4 11. f6 Ng8 12. exd5 exd5 13. a4 cxb3 14. axb5 b2 15. Rb1 h6 16. Bh4 g5 17. Qe2+ Be6 18. Bg3 Nb8 19. 0-0 Nxf6 20. Be5 Nbd7 21. Bd4 Rg8 22. Rxb2 Rg6 23. Ra2 Qb8 24. Ra6 Ng8 25. c4 dxc4 26. dxc4 Qf4 27. Kh1 Ne7 28. c3 Qc7 29. c5 Nxc5 30. b6 Qc8 31. b7 Nxb7 32. Ne5 Rg8 33. Rxe6 Qxe6 34. Qb5+ Kd8 35. Qxb7 Qd5 36. Nxf7+ Ke8 37. Nd6+ Kd8 38. Nf7+ Ke8 39. Nd6+ Kd8 40. Qa6 Kd7 41. Re1 Rg6 42. Qa4+ Nc6 43. Nc4 Re6 44. Rd1 Ke8 45. Nb6 1-0

[Event "Kuzbass-ch"]
[Site "Kemerovo"]
[Date "2007.12.16"]
[Round "1"]
[White "Odinaev, Timur"]
[Black "Ganichev, Boris"]
[Result "1-0"]
[WhiteElo "2267"]
[BlackElo "2081"]
[PlyCount "139"]
[EventDate "2007.12.16"]
[EventType "swiss"]
[EventRounds "9"]
[EventCountry "RUS"]
[SourceTitle "CBM 122 Extra"]
[Source "ChessBase"]
[SourceDate "2008.03.04"]
[SourceVersion "1"]
[SourceVersionDate "2008.03.04"]
[SourceQuality "1"]

1. e4 e6 2. d4 d5 3. e5 c5 4. Nf3 Nc6 5. dxc5 Bxc5 6. Bd3 Nb4 7. 0-0 Nxd3 8. cxd3 Bd7 9. d4 Be7 10. Nc3 h5 11. Qb3 Qb6 12. Bd2 Qxb3 13. axb3 Nh6 14. Na4 0-0 15. Bxh6 gxh6 16. Nc5 Bb5 17. Rfc1 Rfb8 18. h3 a5 19. Rc3 b6 20. Na4 Bd8 21. Ne1 Rc8 22. Rac1 Bd7 23. Nd3 Rxc3 24. Rxc3 Rb8 25. h4 Bxh4 26. Nf4 Rb7 27. Nxh5 Bd8 28. f4 Bh4 29. Rh3 Be7 30. Rc3 Bh4 31. g4 Be1 32. Re3 Bh4 33. g5 hxg5 34. fxg5 Bxa4 35. bxa4 Kh7 36. Nf6+ Kg6 37. Ne8 Bxg5 38. Rg3 Re7 39. Nd6 Rc7 40. b3 Rc1+ 41. Kg2 Rd1 42. Nb5 Rd2+ 43. Kh3 f5 44. exf6 Kxf6 45. Rf3+ Ke7 46. Rc3 Bf4 47. Kg4 Bh2 48. Rc6 Bg1 49. Rxb6 Bxd4 50. Rb7+ Kf6 51. Nd6 Bc5 52. Ne8+ Ke5 53. Rc7 Bb4 54. Rc6 Rg2+ 55. Kf3 Rg6 56. Nc7 d4 57. Rc4 d3 58. Re4+ Kd6 59. Nb5+ Ke7 60. Nd4 Kf7 61. Rf4+ Kg7 62. Ke3 d2 63. Rf1 e5 64. Nf3 Rg3 65. Kf2 Rh3 66. Nxe5 Rxb3 67. Ke2 Rh3 68. Nf3 Rh6 69. Rd1 Re6+ 70. Kd3 1-0

[Event "Kemerovo op"]
[Site "Kemerovo"]
[Date "2007.07.25"]
[Round "5"]
[White "Chernov, Alexander"]
[Black "Odinaev, Timur"]
[Result "1/2-1/2"]
[WhiteElo "2199"]
[BlackElo "2278"]
[PlyCount "81"]
[EventDate "2007.07.23"]
[EventType "swiss"]
[EventRounds "9"]
[EventCountry "RUS"]
[SourceTitle "EXT 2022"]
[Source "ChessBase"]
[SourceDate "2021.10.06"]
[SourceVersion "1"]
[SourceVersionDate "2021.10.06"]
[SourceQuality "1"]

1. e4 c5 2. Nf3 d6 3. d4 cxd4 4. Nxd4 Nf6 5. Nc3 g6 6. Be3 Bg7 7. f3 a6 8. Qd2 b5 9. a3 Bb7 10. Bh6 Bxh6 11. Qxh6 Nbd7 12. 0-0-0 Rc8 13. Nb3 Qc7 14. Rd2 Ne5 15. Be2 Qb6 16. Nd5 Bxd5 17. exd5 Nc4 18. Bxc4 bxc4 19. Nd4 c3 20. bxc3 Rxc3 21. Re1 Rxa3 22. Nb3 Rxb3 23. cxb3 Qxb3 24. Re3 Qa4 25. Kb2 Qa5 26. Ra3 Qc7 27. Rb3 Kd7 28. Qh3+ e6 29. dxe6+ fxe6 30. Rc2 Qa7 31. Qh4 Nd5 32. Ka3 Rb8 33. Qxh7+ Ne7 34. Rxb8 Qxb8 35. Qh4 Qb1 36. Qa4+ Kd8 37. Qb3 Qa1+ 38. Qa2 Qe5 39. Qb3 Qa1+ 40. Qa2 Qe5 41. Qb3 1/2-1/2